| 000 | 01276cam a22003618i 4500 | ||
|---|---|---|---|
| 001 | 18831991 | ||
| 003 | SISC | ||
| 005 | 20161108083618.0 | ||
| 008 | 151026s2016 enk b 001 0 eng | ||
| 010 | _a 2015035056 | ||
| 020 | _a9781138849990 (hardback : alk. paper) | ||
| 020 | _a9781138850002 (pbk. : alk. paper) | ||
| 020 | _z9781315725062 (ebook) | ||
| 040 |
_aDLC _beng _cDLC _erda |
||
| 041 | 0 |
_aeng _afre |
|
| 042 | _apcc | ||
| 050 | 0 | 0 |
_aPC 2460 _b.J83 2016 |
| 082 | 0 | 0 | _a448.2/421 |
| 100 | 1 |
_aJubb, Margaret A., _eauthor. |
|
| 245 | 1 | 0 |
_aSpeed up your French : _bstrategies to avoid common errors / _cMargaret Jubb. |
| 260 |
_aLondon : _bRoutledge, _c2016. |
||
| 263 | _a1602 | ||
| 300 |
_ax, 253 pages : _billustrations ; _c23 cm. |
||
| 490 | 0 | _aSpeed up your Language Skills | |
| 500 | _aIncludes bibliographical references and index. | ||
| 650 | 0 |
_aFrench language _xErrors of usage _vHandbooks, manuals, etc. |
|
| 650 | 0 |
_aFrench language _xUsage _vHandbooks, manuals, etc. |
|
| 650 | 0 |
_aFrench language _xGrammar _vProblems, exercises, etc. |
|
| 650 | 0 |
_aFrench language _vTextbooks for foreign speakers _xEnglish. |
|
| 906 |
_a7 _bcbc _corignew _d1 _eecip _f20 _gy-gencatlg |
||
| 942 |
_2lcc _cBK |
||
| 999 |
_c305182 _d305182 |
||